BIBLIOTECA

SENCICO

Presupuesto público : (Registro nro. 9895)

Detalles MARC
000 -LEADER
Campo de control de longitud fija 01795nam a22002897a 4500
003 - IDENTIFICADOR DEL NÚMERO DE CONTROL
Campo de control PE SENCICO BE
005 - FECHA Y HORA DE LA ÚLTIMA TRANSACCIÓN
Campo de control 20260424154525.0
008 - ELEMENTOS DE LONGITUD FIJA - INFORMACIÓN GENERAL
Campo de control de longitud fija 260424b |||||||| |||| 00| 0 eng d
017 ## - NÚMERO DEL REGISTRO DE DERECHOS DE AUTOR O DEL DEPÓSITO LEGAL
Fuente 2007-01875
020 ## - ISBN
ISBN 978-9972-04-124-2
040 ## - FUENTE DE CATALOGACIÓN
Origen de catalogación PE SENCICO BE
Agencia que realiza la transcripción PE SENCICO BE
041 ## - CÓDIGO DE IDIOMA
Idioma del texto spa
082 ## - NÚMERO DE CLASIFICACIÓN DECIMAL DEWEY
Código de Clasificación Dewey 352.48
Notación Interna A45
100 1# - ASIENTO PRINCIPAL--NOMBRE PERSONAL
Autor Personal Álvarez Illanes, Juan Francisco
9 (RLIN) 666
Término relacionado autor
245 1# - MENCIÓN DEL TITULO
Título Presupuesto público :
Subtítulo proceso presupuestario y la auditoría al proceso presupuestario /
Mención de responsabilidad Juan Francisco Álvarez Illanes
250 ## - MENCIÓN DE EDICIÓN
Edición [1a ed.]
260 ## - PUBLICACIÓN, DISTRIBUCIÓN, ETC. (PIE DE IMPRENTA)
Lugar de publicación, distribución, etc. Lima :
Nombre de la Editorial, Distribuidor, etc. Jurídica Grijley E.I.R.L. ;
Fecha de publicación, distribución, etc. 2007
300 ## - DESCRIPCIÓN FÍSICA
Paginación 899 páginas :
Dimensión 24.5 cm.
505 0# - NOTA DE CONTENIDO CON FORMATO PREESTABLECIDOE
Contenido o índice Sistema nacional de presupuesto – Fases o etapas del proceso presupuestario -- Programación presupuestaria – Etapas de la ejecución presupuestaria – Control presupuestal – Planeamiento estratégico – Presupuesto participativo – Recursos financieros y aplicación -- Sistema de contabilidad aplicado al proceso presupuestario – Estados presupuestarios dinámicos y formulación – Auditoría al proceso presupuestario – Casuística de ejecución presupuestaria.
520 3# - NOTA DE RESUMEN, ETC.
Resumen, etc. Explica la formulación, aprobación y ejecución del presupuesto público, y el proceso de complejas interacciones, acuerdos y transacciones entre la planificación, la ejecución de los recursos públicos y las personas que manejan, gestionan y controlan dichos recursos. Expone de manera didáctica los aspectos doctrinarios, normativos y prácticos que orientan al mejor entendimiento del presupuesto público.
650 10 - ASIENTO SECUNDARIO DE MATERIA - TERMINO TEMÁTICO
Término de tema o elemento de entrada de nombre geográfico Presupuesto público
9 (RLIN) 667
650 20 - ASIENTO SECUNDARIO DE MATERIA - TERMINO TEMÁTICO
Término de tema o elemento de entrada de nombre geográfico Administración pública
9 (RLIN) 668
650 20 - ASIENTO SECUNDARIO DE MATERIA - TERMINO TEMÁTICO
Término de tema o elemento de entrada de nombre geográfico Control de presupuestos
9 (RLIN) 669
650 20 - ASIENTO SECUNDARIO DE MATERIA - TERMINO TEMÁTICO
Término de tema o elemento de entrada de nombre geográfico Auditoría
9 (RLIN) 670
910 ## - RESPONSABLE DEL REGISTRO
Coordinador de procesamiento de la información hfp
942 ## - ELEMENTOS DE KOHA
Fuente de clasificación o esquema de estanterías Dewey Decimal Classification
Tipo de documento Libros
999 ## -
-- 9895
-- 9895
Existencias
Estado Retiro Estado Perdido Sistema de Clasificación o Esquema de Estantería Estado Dañado No es para préstamo Ubicación Permanente Ubicación Actual Fecha de adquisición Total Checkouts Signatura topográfica completa Código de Barras Date last seen Precio efectivo desde Tipo de ítem
    Dewey Decimal Classification     Biblioteca Tacna Biblioteca Tacna 24/04/2026   352.48/A45 BibZtacn26042636 24/04/2026 24/04/2026 Libros